000 00285nam a2200109Ia 4500
008 200302s9999 xx 000 0 und d
100 _aWalter A. Rutes & Other
245 _aHotel Design Planning and Devilopment
260 _bPBC International Inc.,
260 _c1988
300 _a422 P.,
999 _c1488
_d1488